Kultur Europas - Statistiken

Allgemein
  • Dieses Quiz wurde 314 mal gespielt
  • Das Durchschnittsergebnis liegt bei 14 aus 15
Antwortstatistiken
Kultur Land % Korrekt
Baguette, Baskenmütze, Chanson Frankreich
100%
Sirtaki, Gyros, Olympiade Griechenland
100%
Oper, Ferrari, Pizza Italien
100%
Skisport, Walzer, Schnitzel Österreich
100%
Torero, Flamenco, Paella Spanien
99%
Alphorn, Heidi, Fondue Schweiz
98%
Tea Time, Dudelsack, Kilt Vereinigtes Königreich
98%
Gouda, Klompen, Windmühlen Niederlande
95%
Matrjoschka, Väterchen Frost, Ballett Russland
95%
Pippi Langstrumpf, Mittsommerfest, Köttbullar Schweden
95%
Pommes frites, Manneken Pis, Comics Belgien
93%
Gulasch, Matyó, Wasserball Ungarn
90%
Harfe, Leprechaun, Stepptanz Irland
75%
Borschtsch, Trembita, Petrykiwka-Malerei Ukraine
72%
Căluș, Cobză, Colindat-Ritual Rumänien
50%
Keine übereinstimmenden Quizze gefunden
Verteilung der Resultate
Anzahl Personen mit jedem Resultat
Perzentil nach korrekt beantworteten Fragen
Ihre Resultats-Entwicklung
Sie haben dieses Quiz noch nicht gespielt